Guess the lyrics (#21) - Statistics

General Stats
  • This quiz has been taken 190 times
  • The average score is 120 of 300
Answer Stats
Answer % Correct
"I
99%
I
99%
a
97%
A
97%
the
96%
The
96%
you
93%
you,
93%
an
91%
me
87%
to
86%
and
85%
he
85%
He
85%
in
82%
be
80%
your
80%
it
78%
on
78%
hear"
75%
is
75%
so
75%
She
73%
for
70%
of
70%
that
70%
can
69%
Can
69%
Her
68%
her
68%
they
68%
All
61%
"All
61%
not
61%
you're
61%
are
59%
Don't
59%
don't
59%
ever
59%
"I'm
59%
I'm
59%
was
59%
said
57%
by
56%
him
56%
his
56%
like
54%
see
54%
have
52%
at
51%
one
50%
Their
50%
from
49%
up
49%
man
46%
just
45%
down
44%
wanted
44%
got
43%
now
42%
out
41%
with
41%
going
40%
Going
40%
life
39%
look
37%
way
37%
here
36%
off
35%
I'd
34%
give
33%
head
33%
boy,
32%
think
32%
only
30%
he's
28%
He's
28%
well
28%
You've
28%
been
26%
come
25%
bus
24%
old,
24%
that's
23%
people
20%
hair,
17%
hair
17%
help
16%
run
16%
again,
15%
Feeling
15%
feeling
15%
hands
15%
little
15%
anything
14%
looks
14%
please?"
13%
today
13%
stand,
11%
still
11%
work
11%
used
10%
building
9%
Building
9%
line
9%
ahead
8%
everywhere
8%
lady
8%
side
8%
through
8%
whole
8%
high
7%
touch
7%
sit
6%
tie,
6%
years
6%
ants
4%
elevator
4%
Nicholas
4%
nine
4%
sight
4%
skin
4%
step
4%
waits
4%
walks
4%
aware
3%
breath,
3%
corner
3%
count
3%
fingers
3%
jump
3%
late,
3%
operator
3%
past
3%
playing
3%
screams,
3%
sleeping
3%
thick
3%
tight
3%
twenty
3%
youth
3%
96
2%
bag
2%
between
2%
Breakfast
2%
button
2%
dropping
2%
filled
2%
frown
2%
minutes
2%
pulled
2%
roof
2%
sick
2%
tram
2%
Wakes
2%
awkwardly
1%
bald
1%
Botox
1%
breasts
1%
cans"
1%
clarity
1%
Coke
1%
commuters
1%
computer
1%
crumbs
1%
dings
1%
dodges
1%
evades
1%
Fare
1%
grass
1%
Headphone
1%
heels
1%
homeless
1%
idling
1%
imagine
1%
insignificantly
1%
linseed
1%
Metro
1%
necklace
1%
Oliver
1%
Paul,
1%
perception
1%
perfume
1%
pothole
1%
projecting
1%
pyramids
1%
quarter
1%
Rips
1%
rooftop
1%
SimCity
1%
skeleton
1%
snakeskin
1%
soy
1%
suicidal,
1%
Swanston
1%
tortoiseshell
1%
traffic
1%
trains
1%
trips
1%
Vegemite
1%
Vickers
1%
wielding
1%
wind's
1%
worries
1%
you'e
1%
No matching quizzes found
Score Distribution
Percent of People with Each Score
Percentile by Number Answered
Your Score History
You have not taken this quiz